<?xml version="1.0" encoding="UTF-8"?>
<record
    xmlns:xsi="http://www.w3.org/2001/XMLSchema-instance"
    xsi:schemaLocation="http://www.loc.gov/MARC21/slim http://www.loc.gov/standards/marcxml/schema/MARC21slim.xsd"
    xmlns="http://www.loc.gov/MARC21/slim">

  <leader>00905cam a22002653u 4500</leader>
  <controlfield tag="001">11353068</controlfield>
  <controlfield tag="003">OSt</controlfield>
  <controlfield tag="005">20170105113052.0</controlfield>
  <controlfield tag="006">m        d        </controlfield>
  <controlfield tag="007">cr  n         </controlfield>
  <controlfield tag="008">150401s2010    ||||||||s|||||||| ||||| d</controlfield>
  <datafield tag="020" ind1=" " ind2=" ">
    <subfield code="a">9780070680739</subfield>
  </datafield>
  <datafield tag="020" ind1=" " ind2=" ">
    <subfield code="a">0070680736</subfield>
  </datafield>
  <datafield tag="035" ind1=" " ind2=" ">
    <subfield code="a">(WaSeSS)ssib020868181</subfield>
  </datafield>
  <datafield tag="040" ind1=" " ind2=" ">
    <subfield code="a">WaSeSS</subfield>
    <subfield code="c">WaSeSS</subfield>
    <subfield code="d">WaSeSS</subfield>
    <subfield code="e">rda</subfield>
  </datafield>
  <datafield tag="100" ind1="1" ind2=" ">
    <subfield code="a">Prakash Hiralal Joshi, DME, AMIE (India)</subfield>
  </datafield>
  <datafield tag="210" ind1="1" ind2="0">
    <subfield code="a">Jigs and Fixtures, Third Edition /</subfield>
  </datafield>
  <datafield tag="245" ind1="1" ind2="0">
    <subfield code="a">Jigs and Fixtures, Third Edition /</subfield>
    <subfield code="c">Prakash Hiralal Joshi, DME, AMIE (India)</subfield>
  </datafield>
  <datafield tag="500" ind1=" " ind2=" ">
    <subfield code="a">Title from content provider.</subfield>
  </datafield>
  <datafield tag="506" ind1=" " ind2=" ">
    <subfield code="a">License restrictions may limit access.</subfield>
  </datafield>
  <datafield tag="773" ind1=" " ind2="0">
    <subfield code="t">AccessEngineering</subfield>
  </datafield>
  <datafield tag="856" ind1="4" ind2="0">
    <subfield code="u">http://www.columbia.edu/cgi-bin/cul/resolve?clio11353068</subfield>
    <subfield code="z">Full text available from AccessEngineering</subfield>
  </datafield>
  <datafield tag="910" ind1=" " ind2=" ">
    <subfield code="a">Serials Solutions supplemental brief record</subfield>
  </datafield>
  <datafield tag="942" ind1=" " ind2=" ">
    <subfield code="2">ddc</subfield>
    <subfield code="c">BK</subfield>
  </datafield>
  <datafield tag="999" ind1=" " ind2=" ">
    <subfield code="c">32726</subfield>
    <subfield code="d">32726</subfield>
  </datafield>
  <datafield tag="952" ind1=" " ind2=" ">
    <subfield code="0">0</subfield>
    <subfield code="1">0</subfield>
    <subfield code="2">ddc</subfield>
    <subfield code="4">0</subfield>
    <subfield code="7">0</subfield>
    <subfield code="a">SMME</subfield>
    <subfield code="b">SMME</subfield>
    <subfield code="d">2015-10-16</subfield>
    <subfield code="l">1</subfield>
    <subfield code="o">621.929  JOS</subfield>
    <subfield code="p">SMME-1564</subfield>
    <subfield code="q">2022-03-24</subfield>
    <subfield code="r">2021-11-24</subfield>
    <subfield code="s">2021-11-24</subfield>
    <subfield code="w">2015-10-16</subfield>
    <subfield code="y">BK</subfield>
  </datafield>
</record>
